[Event "Madrid-ch Previa B 2014-2015"]
[Site "Madrid ESP"]
[Date "2015.02.27"]
[Round "8.10"]
[White "Moro Serrano, Federico"]
[Black "Lopez Ziegler, Juan Jose"]
[Result "0-1"]
[WhiteElo "1585"]
[BlackElo "1573"]
[PlyCount "82"]
[EventDate "2015.02.05"]
[EventType "swiss"]
[EventRounds "9"]
[EventCountry "ESP"]
[Source "lmi"]
[SourceDate "2015.02.05"]

1. d4 Nf6 2. c4 e6 3. Nc3 Bb4 4. Qc2 O-O 5. Nf3 d6 6. Bg5 Nbd7 7. a3 Bxc3+ 8.
Qxc3 Qe7 9. e3 h6 10. Bxf6 Nxf6 11. Bd3 Re8 12. O-O e5 13. dxe5 dxe5 14. Bc2
Bg4 15. Nd2 Rad8 16. f3 Bd7 17. Rad1 Bc6 18. b4 a6 19. Nb3 b6 20. Rd2 Rxd2 21.
Nxd2 Rd8 22. Rd1 e4 23. f4 h5 24. Nb3 Bb7 25. Nd4 c5 26. Ne2 h4 27. Rxd8+ Qxd8
28. Qe1 Ng4 29. Nc3 f5 30. Bd1 Qd3 31. Bxg4 fxg4 32. Nd5 Bxd5 33. cxd5 Qxd5 34.
Qxh4 Qd1+ 35. Kf2 Qd2+ 36. Kg3 Qxe3+ 37. Kxg4 Qe2+ 38. Kh3 Qd3+ 39. Qg3 c4 40.
Kg4 Qxg3+ 41. hxg3 c3 0-1

[Event "Madrid-ch Previa B 2014-2015"]
[Site "Madrid ESP"]
[Date "2015.02.28"]
[Round "9.1"]
[White "Aguilera Lopez, Alejandro"]
[Black "Garcia Serrano, Jose M"]
[Result "1/2-1/2"]
[WhiteElo "1879"]
[BlackElo "1773"]
[PlyCount "35"]
[EventDate "2015.02.05"]
[EventType "swiss"]
[EventRounds "9"]
[EventCountry "ESP"]
[Source "lmi"]
[SourceDate "2015.02.05"]

1. d4 d5 2. Nf3 Nc6 3. Bf4 Bg4 4. e3 e6 5. Nbd2 Bd6 6. Bxd6 cxd6 7. c4 Nf6 8.
Qb3 O-O 9. cxd5 Bxf3 10. gxf3 Nxd5 11. Bd3 Qh4 12. Be4 Nce7 13. Ke2 f5 14. Bxd5
Nxd5 15. Rhg1 Rac8 16. Rg2 Rc7 17. Qa3 Rd8 18. Qxa7 1/2-1/2

[Event "Madrid-ch Previa B 2014-2015"]
[Site "Madrid ESP"]
[Date "2015.02.28"]
[Round "9.2"]
[White "Ruiz Sanchez, Roberto"]
[Black "Estevez Sacristan, Deva"]
[Result "1-0"]
[WhiteElo "1897"]
[BlackElo "1624"]
[PlyCount "49"]
[EventDate "2015.02.05"]
[EventType "swiss"]
[EventRounds "9"]
[EventCountry "ESP"]
[Source "lmi"]
[SourceDate "2015.02.05"]

1. e4 e6 2. d4 d5 3. Nd2 Be7 4. Ngf3 Nf6 5. Bd3 c5 6. e5 Nfd7 7. c3 Nc6 8. Bc2
O-O 9. O-O f6 10. exf6 Bxf6 11. dxc5 Nxc5 12. Nb3 b6 13. Nbd4 Qc7 14. Re1 Re8
15. Nxc6 Qxc6 16. Ne5 Bxe5 17. Rxe5 Nd7 18. Bxh7+ Kh8 19. Bg6 Nxe5 20. Qh5+ Kg8
21. Qh7+ Kf8 22. Qh8+ Ke7 23. Qxg7+ Kd8 24. Bg5+ Re7 25. Qxe7# 1-0

[Event "Madrid-ch Previa B 2014-2015"]
[Site "Madrid ESP"]
[Date "2015.02.28"]
[Round "9.6"]
[White "Rottenwohrer Suarez, Juan"]
[Black "Pashov, Spas Nikolov"]
[Result "1-0"]
[WhiteElo "1640"]
[BlackElo "1802"]
[PlyCount "97"]
[EventDate "2015.02.05"]
[EventType "swiss"]
[EventRounds "9"]
[EventCountry "ESP"]
[Source "lmi"]
[SourceDate "2015.02.05"]

1. Nf3 d5 2. c4 Nf6 3. cxd5 Nxd5 4. d4 e6 5. e4 Nb6 6. Nc3 Bb4 7. a3 Bxc3+ 8.
bxc3 c5 9. Be3 cxd4 10. cxd4 O-O 11. Bd3 N6d7 12. O-O b6 13. e5 f5 14. Ng5 Re8
15. Bc4 Nf8 16. d5 Ba6 17. Bxa6 Nxa6 18. d6 h6 19. Nf3 Nd7 20. Qe2 Nac5 21.
Bxc5 Nxc5 22. Nd4 Qd7 23. Nb5 Rf8 24. a4 Rab8 25. Nc7 Nxa4 26. Qb5 Qxb5 27.
Nxb5 a6 28. Rxa4 axb5 29. Rb4 Rfc8 30. Rxb5 Rc5 31. Rfb1 Rxb5 32. Rxb5 Kf7 33.
f4 g5 34. g3 Ke8 35. Kf2 Kd7 36. Rb3 g4 37. Rc3 Rb7 38. Ke3 Ra7 39. Rc2 h5 40.
Kd3 h4 41. gxh4 Ra3+ 42. Rc3 Ra2 43. Rc7+ Kd8 44. Re7 Rf2 45. Rxe6 Rxf4 46. Rf6
Kd7 47. Rf7+ Ke8 48. e6 Re4 49. d7+ 1-0

[Event "Madrid-ch Previa B 2014-2015"]
[Site "Madrid ESP"]
[Date "2015.02.28"]
[Round "9.7"]
[White "Lopez Ziegler, Juan Jose"]
[Black "Saribekyan, Garnik"]
[Result "0-1"]
[WhiteElo "1573"]
[BlackElo "1678"]
[PlyCount "84"]
[EventDate "2015.02.05"]
[EventType "swiss"]
[EventRounds "9"]
[EventCountry "ESP"]
[Source "lmi"]
[SourceDate "2015.02.05"]

1. d4 c5 2. c3 Nf6 3. Nf3 d5 4. Bf4 e6 5. e3 Nc6 6. Nbd2 Bd6 7. Ne5 O-O 8. Bd3
Ne7 9. h3 b6 10. Qf3 Ng6 11. Bg3 Qc7 12. Ng4 Nxg4 13. Bxd6 Qxd6 14. hxg4 e5 15.
Bf5 h6 16. dxe5 Nxe5 17. Qf4 Bxf5 18. Qxf5 Qe6 19. Ke2 Nxg4 20. Qf4 Rad8 21.
Nf3 d4 22. Nd2 dxe3 23. fxe3 Rfe8 24. e4 Nf6 25. Rh4 g5 26. Qg3 Rxd2+ 27. Kxd2
Nxe4+ 28. Rxe4 Qxe4 29. Re1 Qd5+ 30. Kc1 Rxe1+ 31. Qxe1 Kg7 32. Qe3 Kg6 33. g4
Qh1+ 34. Kc2 Qg2+ 35. Kb3 Qxg4 36. Qd3+ Kg7 37. c4 h5 38. Qd6 Qe6 39. Qc7 b5
40. Qxc5 Qxc4+ 41. Qxc4 bxc4+ 42. Kxc4 h4 0-1

[Event "Madrid-ch Previa B 2014-2015"]
[Site "Madrid ESP"]
[Date "2015.02.28"]
[Round "9.8"]
[White "Martinez Rubio, Felipe"]
[Black "Rottenwoerer, Christoph"]
[Result "0-1"]
[WhiteElo "1807"]
[BlackElo "1689"]
[PlyCount "124"]
[EventDate "2015.02.05"]
[EventType "swiss"]
[EventRounds "9"]
[EventCountry "ESP"]
[Source "lmi"]
[SourceDate "2015.02.05"]

1. d4 Nf6 2. c4 g6 3. Nc3 Bg7 4. e4 d6 5. Nf3 O-O 6. h3 e5 7. d5 a5 8. a4 Na6
9. Bd3 Nc5 10. Bg5 h6 11. Bh4 Bd7 12. Bc2 Qe8 13. Qd2 Nh5 14. O-O Nf4 15. Bg3
g5 16. Bxf4 exf4 17. Rfe1 Qc8 18. Kh2 Re8 19. Re2 f5 20. exf5 Rxe2 21. Qxe2
Bxf5 22. Re1 Bxc2 23. Qxc2 Nd7 24. Qg6 Qf8 25. Nb5 Qf7 26. Re6 Qxg6 27. Rxg6
Kf7 28. Re6 Nc5 29. Re2 Nxa4 30. Nfd4 Bxd4 31. Nxd4 Nb6 32. b3 a4 33. bxa4 Rxa4
34. Rc2 Rxc4 35. Rxc4 Nxc4 36. Nb5 c6 37. dxc6 bxc6 38. Nd4 c5 39. Nf5 h5 40.
g4 hxg4 41. hxg4 Ke6 42. Kg2 Ne5 43. f3 Kd5 44. Kf2 Kc6 45. Ne7+ Kb5 46. Ke2 c4
47. Nf5 d5 48. Nd4+ Kb4 49. Kd2 Kc5 50. Ne6+ Kb4 51. Nxg5 d4 52. Ne4 Nxf3+ 53.
Kc1 d3 54. g5 Ne5 55. Kd2 Nf3+ 56. Kc1 Ne5 57. Kd2 f3 58. Nc3 f2 59. Nd5+ Kb3
60. Ne3 c3+ 61. Kc1 d2+ 62. Kd1 Nc4 0-1

[Event "Madrid-ch Previa B 2014-2015"]
[Site "Madrid ESP"]
[Date "2015.02.28"]
[Round "9.9"]
[White "Castro Uceda, Jose Antonio"]
[Black "De Dompablo Fantova, Juan"]
[Result "0-1"]
[WhiteElo "1604"]
[BlackElo "1722"]
[PlyCount "106"]
[EventDate "2015.02.05"]
[EventType "swiss"]
[EventRounds "9"]
[EventCountry "ESP"]
[Source "lmi"]
[SourceDate "2015.02.05"]

1. c4 Nf6 2. Nc3 c5 3. Nf3 Nc6 4. e3 d5 5. cxd5 Nxd5 6. Bc4 Nxc3 7. bxc3 Bg4 8.
O-O e5 9. h3 Bh5 10. Be2 e4 11. Nh2 Bxe2 12. Qxe2 g6 13. f3 Qd3 14. Qf2 f5 15.
fxe4 Qxe4 16. Nf3 O-O-O 17. d4 Bh6 18. Kh1 Rhe8 19. Re1 g5 20. dxc5 Rd3 21. Nd4
Nxd4 22. cxd4 Rxd4 23. Bb2 Rc4 24. Rac1 Rxc1 25. Rxc1 Qxe3 26. Qxf5+ Qe6 27.
Qxe6+ Rxe6 28. Rc2 Kc7 29. Rf2 Re7 30. Kh2 Bg7 31. Bxg7 Rxg7 32. Kg3 Kc6 33.
Rc2 h5 34. h4 Kd5 35. hxg5 Rxg5+ 36. Kh4 Re5 37. Rb2 Kc6 38. Rc2 Rf5 39. a3 Kb5
40. Rc3 a5 41. Rb3+ Ka4 42. Rxb7 Kxa3 43. c6 Rc5 44. c7 a4 45. Rb5 Rxc7 46.
Kxh5 Ka2 47. g4 Rc2 48. g5 a3 49. g6 Rb2 50. Ra5 Rh2+ 51. Kg5 Kb2 52. g7 Rg2+
53. Kf6 a2 0-1